000 00271nam a2200109Ia 4500
008 191201s2015 xx 000 0 und d
100 _aMALL, Rajib
245 0 _aFundamentals of Software Engineering
250 _a4th
260 _c2015
_bPHI
_aNEW DELHI
942 _2ddc
_cBK
_01
999 _c7951
_d7951